| 000 | 00350 a2200109 4500 | ||
|---|---|---|---|
| 020 | _a0750658665 | ||
| 082 | _a620.0015186 LIU | ||
| 100 | _aLiu, G. R. | ||
| 245 |
_aThe finite element method : _ba practical course / _cG.R. Liu, S.S. Quek. |
||
| 260 |
_aOxford ; _aBoston : _bButterworth-Heinemann, _c2003. |
||
| 300 |
_axv, 348 p. : _bill. ; _c25 cm. |
||
| 650 | _aFinite element method. | ||
| 999 |
_c747 _d747 |
||